000 00710nam a2200205 4500
001 131709
003 ES-MaACL
005 20230906194030.0
007 t|
008 070214s1947 sp r ||||1| spa d
100 1 _aRoeder, Oskar.
_998892
245 1 0 _aTécnica operatoria veterinaria /
_cOskar Roeder, Ewald Berge ; traducción de de la quinta edición alemana por Miguel Martín Ortiz, Angel Morales Herrera.
250 _a1ª. ed. reimp.
260 _aBarcelona :
_bEspasa Calpe,
_c1947.
300 _aIX, 287 p. :
_bil. ;
_c22 cm.
700 1 _aBerge, Ewald.
_927941
700 1 _aMartín Ortiz, Miguel.
_977590
700 1 _aMorales Herrera, Ángel.
_983043
852 _aES-MaACL
_jC-4093
_bR.23689
999 _c131709
_d131709